| 000 | 00609 a2200181 4500 | ||
|---|---|---|---|
| 003 | Nust | ||
| 005 | 20170207153215.0 | ||
| 040 | _cNust | ||
| 082 | _a621.382 | ||
| 100 | _aMueed, Abdul (MSEE-9) | ||
| 245 |
_aIntegrated design of rectenna for wireless power transfer _cAbdul Mueed |
||
| 260 |
_bMCS,NUST _c2006 _aRawalpindi |
||
| 300 | _ax,52, p.; | ||
| 505 | _aIntroductin to Thesis (page-1) Introduction to HFSS (page-4) Single rectangular patch rectenna (page-10) Rectenna array (page-32) Conclusion and future work (page-47) | ||
| 538 | _aAlmirah No 69 Shelf No 1 | ||
| 650 | _aPG Thesis | ||
| 651 | _aMSEE-9 | ||
| 942 | _cTHS | ||
| 999 |
_c181561 _d181561 |
||